FUNDAMENTAL OF GENITICS (Record no. 8193)

MARC details
000 -LEADER
fixed length control field 00438nam a22001817a 4500
005 - DATE AND TIME OF LATEST TRANSACTION
control field 20230128113840.0
008 - FIXED-LENGTH DATA ELEMENTS--GENERAL INFORMATION
fixed length control field 230124b |||||||| |||| 00| 0 eng d
020 ## - INTERNATIONAL STANDARD BOOK NUMBER
ISBN 978-9393168-36-8
041 ## - LANGUAGE CODE
Language code of text/sound track or separate title eng
082 ## - DEWEY DECIMAL CLASSIFICATION NUMBER
Classification number 570 SIN -F
100 ## - MAIN ENTRY--AUTHOR NAME
Personal name SINGH ,B.D
245 ## - TITLE STATEMENT
Title FUNDAMENTAL OF GENITICS
250 ## - EDITION STATEMENT
Edition statement 6th ed .
260 ## - PUBLICATION, DISTRIBUTION, ETC. (IMPRINT)
Name of publisher MEDTECH SCIENCE PRESS
Year of publication 2023
300 ## - PHYSICAL DESCRIPTION
Number of Pages 702;P.
650 ## - SUBJECT ADDED ENTRY--TOPICAL TERM
Topical Term AGRICULTURE
942 ## - ADDED ENTRY ELEMENTS (KOHA)
Koha item type Books
Holdings
Lost status Damaged status Collection code Home library Current library Shelving location Date acquired Source of acquisition Cost, normal purchase price Full call number Accession Number Koha item type
    Reference JRU Library JRU Library SHELF-44-D 20/01/2023 LOHIA BOOK INTERNATIONAL 625.00 570 SIN -F 27281 Books
    AGRICULTURE JRU Library JRU Library SHELF-44-D 20/01/2023 LOHIA BOOK INTERNATIONAL 625.00 570 SIN -F 27282 Books
    AGRICULTURE JRU Library JRU Library SHELF-44-D 20/01/2023 LOHIA BOOK INTERNATIONAL 625.00 570 SIN -F 27283 Books
    AGRICULTURE JRU Library JRU Library SHELF-44-D 20/01/2023 LOHIA BOOK INTERNATIONAL 625.00 570 SIN -F 27284 Books
    AGRICULTURE JRU Library JRU Library SHELF-44-D 20/01/2023 LOHIA BOOK INTERNATIONAL 625.00 570 SIN -F 27285 Books